000 03356nam0a2200457 i 4500
001 RU\NLR\BIBL_A\010941964
005 20260408161234.0
010 _a9785838103000
_9500
021 _aRU
_b2015-93524
_95775
035 _a(NILC)RuMoRGB-008087082
035 _a(NLR Aleph) 010941964
090 _a10755162
_c10755162
100 _a20151221d2015 k y0rusy50 ca
101 0 _arus
102 _aRU
105 _aa|||z|||110yy
200 1 _aРоссийское японоведение сегодня
_eк 20-летию Ассоциации японоведов
_e[сборник статей на основе докладов и сообщений Общероссийской научной конференции "Российское японоведение сегодня. К 20-летию Ассоциации японоведов", 19 декабря 2014 г.
_fредкол.: д.и.н. Кистанов В. О. и др.]
210 _aМосква
_cИДВ РАН
_d2015
215 _a523 с.
_cил.
_d21
300 _aВ надзаг.: Российская акад. наук, Федеральное гос. бюджетное учреждение науки Ин-т Дальнего Востока Российской акад. наук, Центр яп. исследований, Межрегиональная общественная орг. "Ассоциация японоведов"
320 _aБиблиогр. в примеч. в конце ст.
606 _aЯпонская филология
_jСъезды, совещания и т.п
_91862991
_3RU\NLR\AUTH\661136076
606 _aЯпоноведение
_jСъезды, совещания и т.п
_3RU\NLR\AUTH\66267188
_91383274
607 _aРоссийская Федерация
_jСъезды, совещания и т.п
_xЭкономические взаимоотношения
_yЯпония
_92210063
_3RU\NLR\AUTH\661327649
607 _aЯпония
_jСъезды, совещания и т.п
_xЭкономические взаимоотношения
_yРоссийская Федерация
_92210064
_3RU\NLR\AUTH\661327650
607 _aРоссия
_jСъезды, совещания и т.п
_xВзаимоотношения
_yЯпония
_92241829
_3RU\NLR\AUTH\661345181
607 _aЯпония
_jСъезды, совещания и т.п
_xВзаимоотношения
_yРоссия
_92241832
_3RU\NLR\AUTH\661345182
686 1 _aТ3(5Я)я431
686 1 _aТ3(2)0-64(5Я)я431
686 1 _aТ3(5Я)0-64(2)я431
686 1 _aУ9(5Я)80,3(2Р)я431
686 1 _aУ9(5Я)89(2)я431
686 1 _aШ075я431
702 1 _aКистанов
_bВ. О.
_gВалерий Олегович
_4340
711 1 2 _a"Российское японоведение сегодня. К 20-летию Ассоциации японоведов", общероссийская научная конференция
_eМосква
_f2014
_9499851
_3RU\NLR\AUTH\880417366
712 0 2 _4570
_aИнститут Дальнего Востока
_cМосква
_bЦентр исследований Японии
_3RU\NLR\AUTH\889965601
_9427461
801 0 _aRU
_bРГБ
_c20151204
_gRCR
942 _cBOOK
980 _aNBR